000 01105nam a22003251a 4500
001 22351
003 CZ PrNK
005 20260326145454.0
007 ta
008 040826s1967 xo e 000 f slo
020 _q(Váz.)
040 _aABA001
_bcze
_cABA001
_dABA001
041 1 _aslo
_hfre
072 7 _a821.133.1-3
_xFrancouzská próza, francouzsky psaná
_2Konspekt
080 _a821.133.1-31
_2MRF
080 _a(0:82-31)
_2MRF
100 1 _aZola, Émile,
_d1840-1902
_4aut
240 1 0 _aFaute de l'abbé Mouret.
_lSlovensky
245 1 0 _aHriech pátra Moureta /
_cEmile Zola ; [z francúzskeho originálu La faute de l'abbé Mouret ... preložili Vladimír Dudáš a Anna Haviarová]
250 _a1. vyd.
260 _aBratislava :
_bTatran,
_c1967
300 _a301 s. ;
_c21 cm
490 1 _aHviezdoslavova knižnica ;
_vzv. 137
_aSvetový rad ;
_vzv. 60
655 7 _afrancouzské romány
_2czenas
700 1 _aDudáš, Vladimír,
_d1935-2011
_4trl
700 1 _aHaviarová, Anna
_4trl
830 0 _aHviezdoslavova knižnica.
_pSvetový rad
910 _aABA001
942 _2ddc
_cKLDO
_n0
999 _c22351
_d22351